Aggression und Gewalt unter Schülern (Bullying): Ausmaß, Arten und Prozesse der Stabilisierung; ein Überblick
| Main Author: | |
|---|---|
| Format: | Print Book |
| Language: | German |
| Published: |
München
MPI f. Psycholog. Forschung
1997
|
| In: |
Paper / Max-Planck-Institut für Psychologische Forschung (1997,15)
Year: 1997 |
| Availability in Tübingen: | Present in Tübingen. IFK: N XIII 270 |
| Check availability: | HBZ Gateway |
| Subito Delivery Service: | Order now. |
MARC
| LEADER | 00000cam a22000002c 4500 | ||
|---|---|---|---|
| 001 | 1140106937 | ||
| 003 | DE-627 | ||
| 005 | 20220517133710.0 | ||
| 007 | tu | ||
| 008 | 981109s1997 xx ||||| 00| ||ger c | ||
| 035 | |a (DE-627)1140106937 | ||
| 035 | |a (DE-576)070106932 | ||
| 035 | |a (DE-599)BSZ070106932 | ||
| 040 | |a DE-627 |b ger |c DE-627 |e rakwb | ||
| 041 | |a ger | ||
| 084 | |a 5,2 |2 ssgn | ||
| 100 | 1 | |a Schäfer, Mechthild |d 1958- |0 (DE-588)120411318 |0 (DE-627)080658563 |0 (DE-576)178863769 |4 aut | |
| 109 | |a Schäfer, Mechthild 1958- |a Mei xi di er de She fei er 1958- |a Meixidierde-Shefeier 1958- |a Shefeier, Meixidierde 1958- | ||
| 245 | 1 | 0 | |a Aggression und Gewalt unter Schülern (Bullying) |b Ausmaß, Arten und Prozesse der Stabilisierung; ein Überblick |c Mechthild Schäfer |
| 264 | 1 | |a München |b MPI f. Psycholog. Forschung |c 1997 | |
| 300 | |a 42 S. | ||
| 336 | |a Text |b txt |2 rdacontent | ||
| 337 | |a ohne Hilfsmittel zu benutzen |b n |2 rdamedia | ||
| 338 | |a Band |b nc |2 rdacarrier | ||
| 490 | 1 | |a Paper / Max-Planck-Institut für Psychologische Forschung |v 1997,15 | |
| 583 | 1 | |a Archivierung prüfen |c 20200919 |f DE-640 |z 1 |2 pdager | |
| 810 | 2 | |a Max-Planck-Institut für Psychologische Forschung |g München |t Paper / Max-Planck-Institut für Psychologische Forschung |v 1997,15 |9 1997,15 |w (DE-627)170751740 |w (DE-576)030113229 |w (DE-600)1100941-X |7 am | |
| 951 | |a BO | ||
| ELC | |b 1 | ||
| LOK | |0 000 xxxxxcx a22 zn 4500 | ||
| LOK | |0 001 2338380940 | ||
| LOK | |0 003 DE-627 | ||
| LOK | |0 004 1140106937 | ||
| LOK | |0 005 19990521000000 | ||
| LOK | |0 008 981109||||||||||||||||ger||||||| | ||
| LOK | |0 040 |a DE-21-110 |c DE-627 |d DE-21-110 | ||
| LOK | |0 852 |a DE-21-110 | ||
| LOK | |0 852 1 |c N XIII 270 |m p |9 00 | ||
| LOK | |0 935 |a k110 | ||
| LOK | |0 936ln |a 8.7.8 | ||
| LOK | |0 938 |k p | ||
| LOK | |0 939 |a 09-11-98 |b l01 | ||
| ORI | |a SA-MARC-krimdoka001.raw | ||
| SIG | |a IFK: N XIII 270 | ||
